00694nam a2200169 a 450000100100000000500170001000800410002704000250006808200160009310000360010924500990014525000110024426000580025530000210031395201730033499900170050700003367920200930070433.0110905s1873 dr r 000 0 spa d aDO-SdBNPbspacBNPHU axxxxbG643c1 aGonzález, Juan Vicente95913810aCompendio de grámatica castellana :bsegun Salva y otros autores /cJuan Vicente González. a5a ed. aSanto Domingo :bImprenta de García Hermano,c1873. a177 p. ;c17 cm. 001050718RVaPDbPDcCTd2011-09-05iLF1l0oxxxx G643cp33679-10r2020-06-25w2020-06-25y1zPerteneció a la biblioteca personal de Martínez BoogZNo se presta c33170d33170